000 005130000a22001810004500
020 _a0-88270-407-9
041 0 _aENG
082 0 4 _aG 289.9 K351d
100 1 _aKennedy, Nell L.
245 1 0 _aDream your way to success : The story of Yonggi Cho and Korea / Nell L. Kennedy
260 _aPlainfield, New Jersey, USA : Logos International
300 _a248 Pag
001 8912
942 _cBK
999 _c39013
_d39013
336 _atexto
_btxt
_2rdacontent
337 _2rdamedia
_asin mediación
_bn
338 _2rdacarrier
_avolumen
_bnc